000 00449cam a2200169ua 4500
020 _c2.50
041 _amal
_h
082 _a894.8124
_bRAM/TA
100 _aRaman Menon, Puthezhathu .
245 _aTagor kanda India /
_cPuthezhathu Raman Menon.
_hTextual Documents
260 _aKottayam :
_bSahitya Pravarthaka Co-operative Society ,
_c1958.
300 _a224 ; .
365 _a2.50
504 _a
942 _cBK
999 _c5816
_d5816